Plato's Theaetetus /

This sustained philosophical analysis and critique of the Theaetetus attempts to provide a detailed examination of Plato's arguments on the nature of knowledge and the issues raised. It examines rival interpretations of the text and compares the Theaetetus to Plato's other works.

Bibliographic Details
Main Author: Bostock, David
Format: eBook
Language:English
Published: Oxford : Clarendon, 1988.
Subjects:
Online Access:Connect to the full text of this electronic book

MARC

Tag First Indicator Second Indicator Subfields
LEADER 00000cam a2200000 a 4500
001 in00005707607
005 20260318185930.4
006 m o d
007 cr |||||||||||
008 110302s1988 enk fob 001 0 eng d
040 |a KIJ  |b eng  |e pn  |c KIJ  |d OCLCO  |d DKDLA  |d OCLCQ  |d OCLCF  |d IDEBK  |d OCLCQ  |d STBDS  |d FIE  |d OCLCQ  |d COO  |d NRC  |d U3W  |d YOU  |d OCLCQ  |d INARC  |d OCLCO  |d OCLCQ  |d OCLCO  |d OCLCL  |d OCLCQ 
019 |a 814477605 
020 |a 9780191679889 
020 |a 0191679887 
035 |a (OCoLC)776942426  |z (OCoLC)814477605 
050 4 |a B386.Z7 
082 0 4 |a 121  |2 22 
084 |a 08.21  |2 bcl 
084 |a 18.43  |2 bcl 
049 |a TXAM 
100 1 |a Bostock, David. 
245 1 0 |a Plato's Theaetetus /  |c David Bostock. 
260 |a Oxford :  |b Clarendon,  |c 1988. 
300 |a 1 online resource (viii, 285 pages) 
336 |a text  |b txt  |2 rdacontent 
337 |a computer  |b c  |2 rdamedia 
338 |a online resource  |b cr  |2 rdacarrier 
520 8 |a This sustained philosophical analysis and critique of the Theaetetus attempts to provide a detailed examination of Plato's arguments on the nature of knowledge and the issues raised. It examines rival interpretations of the text and compares the Theaetetus to Plato's other works. 
504 |a Includes bibliographical references and index. 
600 0 0 |a Plato.  |t Theaetetus. 
600 0 6 |a Platon.  |t Théétète. 
630 0 7 |a Theaetetus (Plato)  |2 fast 
600 1 7 |a PlatÃo,  |d 428-348 A. C.  |2 larpcal 
650 1 7 |a Theaetetus (Plato)  |2 gtt 
650 7 |a Platonismo.  |2 larpcal 
650 7 |a Filosofia grega.  |2 larpcal 
650 7 |a Filosofia antiga.  |2 larpcal 
655 7 |a Electronic books.  |2 local 
758 |i has work:  |a Plato's Theaetetus (Text)  |1 https://id.oclc.org/worldcat/entity/E39PCFCMfFg6vKmymWKdXGYycX  |4 https://id.oclc.org/worldcat/ontology/hasWork 
776 0 8 |i Print version  |z 9780198239307 
856 4 0 |u http://proxy.library.tamu.edu/login?url=https://academic.oup.com/book/1815  |z Connect to the full text of this electronic book  |t 0 
936 |a BATCHLOAD 
955 |a Oxford Scholarship Online 
994 |a 92  |b TXA 
999 f f |i 9aec3f0d-b08a-4fbd-8661-fc1400d6ce34  |s 64b290e8-62d6-4577-895a-0f8db622c89a  |t 0 
952 f f |a Texas A&M University  |b College Station  |c Electronic Resources  |s www_evans  |d Available Online  |t 0  |e B386.Z7   |h Library of Congress classification 
998 f f |a B386.Z7   |t 0  |l Available Online